书目信息 |
| 题名: |
旅游规划与投资决策
|
|
| 作者: | 张立明 著 | |
| 分册: | ||
| 出版信息: | 北京 科学出版社 2006.01 |
|
| 页数: | 351页 | |
| 开本: | 21cm | |
| 丛书名: | ||
| 单 册: | ||
| 中图分类: | F590 | |
| 科图分类: | ||
| 主题词: | 旅游业--lu you ye--经济规划 , 旅游业--lu you ye--投资--经济决策 | |
| 电子资源: | ||
| ISBN: | 7-03-016780-5 | |
| 000 | 00865nam0 2200253 450 | |
| 001 | 012006376318 | |
| 005 | 20060803175347.70 | |
| 010 | @a7-03-016780-5@dCNY22.80 | |
| 100 | @a20060803d2006 km y0chiy0120 ea | |
| 101 | 0 | @achi |
| 102 | @aCN@b110000 | |
| 105 | @aa a 000yy | |
| 106 | @ar | |
| 200 | 1 | @a旅游规划与投资决策@Alu you gui hua yu tou zi jue ce@f张立明著@Fzhang li ming zhu |
| 210 | @a北京@c科学出版社@d2006.01 | |
| 215 | @a351页@c图@d21cm | |
| 320 | @a有书目 (第347-350页) | |
| 330 | @a本书一本探讨旅游规划与旅游投资理论与方法的专著。研究内容包括:国内外旅游规划、旅游投资发展现状、问题与趋势;旅游规划的系统理论和方法等。 | |
| 606 | 0 | @a旅游业@Alu you ye@x经济规划 |
| 606 | 0 | @a旅游业@Alu you ye@x投资@x经济决策 |
| 690 | @aF590@v4 | |
| 701 | 0 | @a张立明@Azhang li ming@4著 |
| 801 | 0 | @aCN@bQSSK@c20060803 |
| 905 | @b597502-03@dF590@eZ134 | |
| 旅游规划与投资决策/张立明著.-北京:科学出版社,2006.01 |
| 351页:图;21cm |
| ISBN 7-03-016780-5:CNY22.80 |
| 本书一本探讨旅游规划与旅游投资理论与方法的专著。研究内容包括:国内外旅游规划、旅游投资发展现状、问题与趋势;旅游规划的系统理论和方法等。 |
| ● |
| 相关链接 |
|
|
|
正题名:旅游规划与投资决策
索取号:F590/Z134
 
预约/预借
| 序号 | 登录号 | 条形码 | 馆藏地/架位号 | 状态 | 备注 |
| 1 | 597502 | 205975024 | 社科库409/409社科库 38排6列2层/ [索取号:F590/Z134] | 在馆 | |
| 2 | 597503 | 205975033 | 社科库409/409社科库 38排6列2层/ [索取号:F590/Z134] | 在馆 |